书目信息 |
| 题名: |
世界最新英汉双解生物学词典
|
|
| 作者: | 海因 主编 ;马建岗 译 | |
| 分册: | ||
| 出版信息: | 西安 世界图书出版西安公司 2008.01 |
|
| 页数: | 882页 | |
| 开本: | 19cm | |
| 丛书名: | 世界最新英汉双解医学词典丛书 | |
| 单 册: | ||
| 中图分类: | Q-61 | |
| 科图分类: | ||
| 主题词: | 生物学--sheng wu xue--英、汉--词典 | |
| 电子资源: | ||
| ISBN: | 978-7-5062-7572-9 | |
| 000 | 01199nam 2200289 450 | |
| 001 | 012008502109 | |
| 005 | 20080512152155.89 | |
| 010 | @a978-7-5062-7572-9@dCNY68.00 | |
| 100 | @a20080402d2008 em y0chiy0120 ea | |
| 101 | 2 | @achi@aeng@ceng |
| 102 | @aCN@b610000 | |
| 105 | @ay e 000yy | |
| 106 | @ar | |
| 200 | 1 | @a世界最新英汉双解生物学词典@Ashi jie zui xin ying han shuang jie sheng wu xue ci dian@d= The facts on file dictionary of biology@f(美) Robert Hine主编@F(mei)Robert Hine zhu bian@g马建岗译@Gma jian gang yi@zeng |
| 210 | @a西安@c世界图书出版西安公司@d2008.01 | |
| 215 | @a882页@d19cm | |
| 225 | 2 | @a世界最新英汉双解医学词典丛书@Ashi jie zui xin ying han shuang jie yi xue ci dian cong shu |
| 314 | @a责任者规范汉译: 海因 | |
| 330 | @a本书共收集词条3300多个,覆盖现代生物学的各个方面。书后有附录,包含动物界、植物界及氨基酸结构的图表。 | |
| 410 | 0 | @12001 @a世界最新英汉双解医学词典丛书 |
| 510 | 1 | @aFacts on file dictionary of biology@zeng |
| 606 | 0 | @a生物学@Asheng wu xue@x英、汉@j词典 |
| 690 | @aQ-61@v4 | |
| 701 | 1 | @a海因@Ahai yin@g(Hine, Robert)@4主编 |
| 702 | 0 | @a马建岗@Ama jian gang@4译 |
| 801 | 0 | @aCN@bQSSK@c20080512 |
| 905 | @b710458-59@dQ-61@eH050@f2 | |
| 世界最新英汉双解生物学词典= The facts on file dictionary of biology/(美) Robert Hine主编/马建岗译.-西安:世界图书出版西安公司,2008.01 |
| 882页;19cm.-(世界最新英汉双解医学词典丛书) |
| ISBN 978-7-5062-7572-9:CNY68.00 |
| 本书共收集词条3300多个,覆盖现代生物学的各个方面。书后有附录,包含动物界、植物界及氨基酸结构的图表。 |
| ● |
| 相关链接 |
|
|
|
正题名:世界最新英汉双解生物学词典
索取号:Q-61/H050
 
预约/预借
| 序号 | 登录号 | 条形码 | 馆藏地/架位号 | 状态 | 备注 |
| 1 | 710458 | 207104587 | 自科库401/401自科库 24排2列2层/ [索取号:Q-61/H050] | 在馆 | |
| 2 | 710459 | 207104596 | 自科库401/401自科库 24排2列2层/ [索取号:Q-61/H050] | 在馆 |